Statistics for US Presidents Who Served Two Terms

Click here to take the quiz!

General Stats

  • This quiz has been taken 122 times
  • The average score is 13 of 14

Answer Stats

Years President % Correct
2001 - 2009George W. Bush
99%
1789 - 1797George Washington
99%
2009 - 2017Barack Obama
99%
1933 - 1945Franklin D. Roosevelt
97%
1981 - 1989Ronald Reagan
97%
1993 - 2001Bill Clinton
97%
1801 - 1809Thomas Jefferson
93%
1953 - 1961Dwight D. Eisenhower
93%
1817 - 1825James Monroe
92%
1809 - 1817James Madison
90%
1829 - 1837Andrew Jackson
90%
1885 - 1889 1893 - 1897Grover Cleveland
90%
1913 - 1921Woodrow Wilson
90%
1869 - 1877Ulysses S. Grant
87%

Score Distribution

Percentile by Number Answered

Percent of People with Each Score

Your Score History

You have not taken this quiz